Quizzes
Events
Quiz Creation
Community
Videos
Private Events
Remove Ads
Sign In
Join for FREE
Feedback
Dark Mode
Quiz Categories
Sports
Geography
Music
Movies
Television
Just For Fun
Miscellaneous
History
Literature
Language
Science
Gaming
Entertainment
Religion
Holiday
For Kids
Quiz Lab
Recent
Popular Today
Quiz Kudos Today
Editor Picks
Curator Picks
Quizzes by...
Day
Popularity
Type
Ratings
Length
Year
Community
Subscriptions
Recent Discussions
Orange Saloon
Badges
Playlists
Quests
Create
Leaderboards
Showdown
Live 5
Trivia Bingo
Activity
Puzzle Library
Sporcle Events
Private Events
Virtual Trivia
Globe League
Become a Host
Pub Owners
SporcleCon
Opinionation
Our Games
Videos
Blog
Mobile Apps
Partnerships
Remove Ads and Go Orange
Feedback
Television
TV Characters
TV Show
Sitcom
Network
Friends
Reality Shows
Cast
South Park
Star Trek
The Simpsons
Doctor Who
Television
TV Characters
TV Show
Sitcom
Network
Friends
Reality Shows
Cast
South Park
Star Trek
The Simpsons
Doctor Who
Random Quiz
Search Sporcle
×
Quiz Lab
Quiz Lab
Television
Disney
Type in answers that appear in a list
Type in answers that appear in a list
Classic
Best Score? Go Orange.
Gargoyles Episodes Stats
Can you name the episodes of Disney's 'Gargoyles'?
By
Masterdramon
12m
78 Questions
352 Plays
352 Plays
352 Plays
Comments
Comments
Give Quiz Kudos
Give Quiz Kudos
-
- Ratings
hide this ad
Replay
Link that replays current quiz
Next Quiz
Link to next quiz in quiz playlist
You Got
0%
They Got
Avg Score
77%
Avg Friend Score
Upgrade to see
Score Distribution
Jump to the score distribution portion of the page
Score
0/78
Timer
12:00
0
Plays Today
Season
Episode
% Correct
Season 1
Awakening, Part I
96.9%
Season 1
Awakening, Part II
96.9%
Season 1
Awakening, Part III
96.9%
Season 1
Awakening, Part IV
96.9%
Season 1
Awakening, Part V
96.9%
Season 2
City of Stone, Part I
92.6%
Season 2
City of Stone, Part II
92.6%
Season 2
City of Stone, Part III
92.6%
Season 2
City of Stone, Part IV
92.6%
Season 2
Avalon, Part I
92.6%
Season 2
Avalon, Part II
92.6%
Season 2
Avalon, Part III
92.6%
Season 2
Hunter's Moon, Part I
90.6%
Season 2
Hunter's Moon, Part III
90.6%
Season 2
Hunter's Moon, Part II
90.6%
Season 2
The Gathering, Part I
88.9%
Season 2
The Gathering, Part II
88.9%
Season 1
Enter Macbeth
88.1%
Season 1
Reawakening
85.8%
Season 1
Deadly Force
85.5%
Season 1
The Thrill of the Hunt
84.1%
Season 2
Leader of the Pack
83%
Season 2
The Mirror
82.1%
Season 1
Her Brother's Keeper
81.3%
Season 1
Temptation
80.7%
Season 1
Long Way to Morning
80.4%
Season 2
Future Tense
80.4%
Season 2
M.I.A.
79%
Season 2
Vows
78.7%
Season 1
The Edge
77.8%
Season 2
Golem
77.3%
Season 2
The Green
77.3%
Season 2
Turf
77.3%
Season 3 (The Goliath Chronicles)
The Journey
77.3%
Season 2
A Lighthouse in the Sea of Time
77%
Season 2
The Silver Falcon
77%
Season 2
Monsters
76.7%
Season 2
Bushido
76.4%
Season 2
Metamorphosis
75.6%
Season
Episode
% Correct
Season 2
Eye of the Beholder
75.3%
Season 3 (The Goliath Chronicles)
Broadway Goes Hollywood
75%
Season 2
Ill Met By Moonlight
74.4%
Season 2
High Noon
74.1%
Season 3 (The Goliath Chronicles)
Angels in the Night
74.1%
Season 2
Kingdom
73.9%
Season 2
Legion
73.3%
Season 2
The Price
73.3%
Season 2
Protection
72.7%
Season 2
Cloud Fathers
72.4%
Season 2
Vendettas
72.4%
Season 2
Outfoxed
71.6%
Season 2
The Cage
71.3%
Season 2
Shadows of the Past
71.3%
Season 2
The Hound of Ulster
71.3%
Season 2
Pendragon
71%
Season 3 (The Goliath Chronicles)
A Bronx Tail
71%
Season 2
Grief
70.7%
Season 2
Upgrade
69.9%
Season 2
Eye of the Storm
69.9%
Season 3 (The Goliath Chronicles)
Runaways
69.9%
Season 2
Heritage
69.6%
Season 2
The New Olympians
69.3%
Season 2
The Reckoning
69.3%
Season 2
Walkabout
68.5%
Season 2
Double Jeopardy
68.2%
Season 2
Mark of the Panther
68.2%
Season 3 (The Goliath Chronicles)
Ransom
67.9%
Season 2
Sentinel
67.3%
Season 2
Possession
66.8%
Season 2
Sanctuary
66.2%
Season 2
Revelations
65.1%
Season 3 (The Goliath Chronicles)
The Dying of the Light
65.1%
Season 3 (The Goliath Chronicles)
And Justice For All
64.8%
Season 3 (The Goliath Chronicles)
Genesis Undone
64.8%
Season 3 (The Goliath Chronicles)
Generations
64.8%
Season 3 (The Goliath Chronicles)
...For It May Come True
64.5%
Season 3 (The Goliath Chronicles)
Seeing Isn't Believing
61.6%
Season 3 (The Goliath Chronicles)
To Serve Mankind
60.5%
Quiz Playlist
Details
Report
Send in Message
Add To Playlist
Classic:
Type in answers that appear in a list
Quiz Source
Last Updated: Feb 16, 2017
Quiz Scoreboard
CHALLENGE
Sign Up to Join the Scoreboard
Show All
Scores
Hide
Comments
May contain spoilers
Recently Published
Movies - When Are They Set?
by FPL_Elf
Movies
5m
Popular People in 1961
by mucciniale
History
6m
1-10 Letter E Words III
by El_Dandy
Language
2m
More to Explore
Quiz From the Vault
Featured Blog Post
Where Did the Easter Bunny Come From?
hide this ad
You Might Also Like...
Tags
Disney Quiz
episode
season
Today's Top Quizzes in Television
Browse Television
hide this ad
Today's Top Quizzes in Disney
Browse Disney
Top Contributed Quizzes in Television
1
One Piece Logic Puzzle
2
Survivor Logic Puzzle: Heroes vs. Villains
3
Survivor Seasons
4
Survivor Season by Logo
5
Survivor Trivia
6
Survivor Logic Puzzle: Winners at War
7
Ultimate Survivor Logic Puzzle
8
Phoebe Buffay Quotes
9
One Thing in Common: Television
10
Who Wants to Be a Millionaire?
Explore More
Trending Topics
NBA
Crossword
Kpop
Harry Potter
Anime
Marvel
Disney
WWE
Song
NFL
The Office
Pokémon
Soccer
Puzzle
Country
hide this ad
More By:
Masterdramon
Quiz
Plays
Rating
Category
Featured
Created
Gargoyles Universe Characters
587
5.00
Television
Aug 3, 2010
Gargoyles Episodes
352
5.00
Television
Apr 19, 2010
Gargoyles Comic Issues
44
5.00
Entertainment
Aug 7, 2010
Go to Creator's Profile
Score Distribution
Quiz Creator Spotlight
Masterdramon
Follow
Send a Message
Quizzes Created
-
Created Quiz Play Count
-
More By This Creator
Popular Quizzes Today
1
Find the US States - No Outlines Minefield
2
Find the Countries of Europe - No Outlines Minefield
3
The Countries of the World
4
Popular People in 1961
5
1-10 Letter E Words III
6
US States
7
Find the US States
8
One Thing in Common: World Cities II
More Television Quizzes
Sons of Anarchy Venn Diagram
Quiz Lab
Trending Quizzes
Risky Map Clicking: Least Populous States A-Z
1-10 Letter F Words
1-10 Letter G Words
One Thing in Common: United Kingdom
Risky Map Clicking: Next State Alphabetically
Recently Updated
Leaping Animals
pecheneg
Reality TV Shows (A-Z)
bhenderson79
Rickey Henderson's Hall of Fame Teammates
pecheneg
Champions League XIs: Arsenal
pecheneg
Quick Pick: Celebrities in WWE's Hall of Fame
aduchscher
A-Z Keypad Blitz II
pecheneg
Multiple Oscar Actors
pecheneg
Mystery Phrase Blitz: Oscar 'Best Actors'
pecheneg
F. Scott Fitzgerald Novels
LTH
Pick 3 Villains
ddd62291
Trending Topics
Crossword
Marvel
Kpop
Anime
Disney
NBA
Harry Potter
Country
WWE
NFL
The Office
Pokémon
Puzzle
Song
Soccer
Your Account Isn't Verified!
In order to create a playlist on Sporcle, you need to verify the email address you used during registration. Go to your
Sporcle Settings
to finish the process.
Report this User
Report this user for behavior that violates our
Community Guidelines
.
Details:
Send Report
Go to the Sporcle.com Mobile Site →
Comments